| 000 | 00000nam##2200000za#4500 |
| 001 | 9.608393 |
| 003 | CaOODSP |
| 005 | 20230801131726 |
| 007 | cr ||||||||||| |
| 008 | 150406|2011||||xxc|||||o f|0| 0 fre|d |
| 040 | |aCaOODSP|bfre |
| 043 | |an-cn--- |
| 086 | 1 |aPS83-5/R247F-PDF |
| 110 | 2 |aService correctionnel Canada. |bDirection de la recherche. |
| 245 | 10|aEnsemble des troubles causés par l'alcoolisation foetale (ETCAF) dans une population carcérale : |h[ressource électronique]|bprévalence, dépistage et caractéristiques / |cpréparé par : Patricia MacPherson. |
| 260 | |aOttawa - Ontario : |bService correctionnel Canada. |cJuin 2011. |
| 300 | |a1p. |
| 490 | 1 |aRecherche en un coup d'oeil|vR-247 |
| 590 | |a15-05-Supp|b2015-03-31 |
| 775 | 08|tFetal Alcohol Spectrum Disorder (FASD) in a correctional population : |w(CaOODSP)9.581624 |
| 830 | #0|aRecherche en un coup d'œil (Service correctionnel Canada)|vR-247|w(CaOODSP)9.503037 |
| 856 | 40|ahttp://publications.gc.ca|qPDF|s213 Ko|uhttps://publications.gc.ca/collections/collection_2015/scc-csc/PS83-5-R247-fra.pdf|yR-247 |